000 00252nam a2200109Ia 4500
008 200302s9999 xx 000 0 und d
100 _aAuthor
245 _aCreative Home Décor
260 _bSource Publishers Pvt Ltd
260 _c2005
300 _a117 P
999 _c4264
_d4264